[Event "Asia-ch Universities (Women)"]
[Site "Chess.com INT"]
[Date "2020.12.17"]
[Round "9"]
[White "Retno, Wijayanti"]
[Black "Naran Erdene, Naranbaatar"]
[Result "1-0"]
[WhiteElo "2150"]
[BlackElo "1693"]
[PlyCount "55"]
[EventDate "2020.12.15"]
[EventType "swiss"]
[EventRounds "9"]
[EventCountry "IRI"]
[SourceTitle "EXT 2022"]
[Source "ChessBase"]
[SourceDate "2021.10.06"]
[SourceVersion "1"]
[SourceVersionDate "2021.10.06"]
[SourceQuality "1"]

1. e4 c5 2. Nf3 e6 3. d4 cxd4 4. Nxd4 a6 5. Bd3 Nf6 6. 0-0 Qc7 7. Kh1 Be7 8. f4 d6 9. Nc3 0-0 10. Qf3 Nbd7 11. Be3 b5 12. a3 Bb7 13. Rae1 Nc5 14. Bd2 Rac8 15. Qg3 Nh5 16. Qh3 g6 17. f5 Nxd3 18. cxd3 Bf6 19. fxg6 hxg6 20. g4 Bxd4 21. gxh5 Kg7 22. Bh6+ Kxh6 23. hxg6+ Kxg6 24. Qg4+ Kh7 25. Qh4+ Kg8 26. Rg1+ Bg7 27. Rxg7+ Kxg7 28. Rg1# 1-0